[Event "Bermuda-B"]
[Site "Bermuda"]
[Date "2003.01.25"]
[Round "1"]
[White "Berg, Emanuel"]
[Black "Blatny, Pavel"]
[Result "0-1"]
[WhiteElo "2527"]
[BlackElo "2475"]
[Annotator "Mueller,Karsten"]
[PlyCount "176"]
[EventDate "2003.01.25"]
[EventType "tourn"]
[EventRounds "11"]
[EventCountry "BER"]
[EventCategory "10"]
[SourceTitle "CBM 094"]
[Source "ChessBase"]
[SourceDate "2003.05.26"]
[SourceVersion "1"]
[SourceVersionDate "2003.05.26"]
[SourceQuality "1"]

1. e4 b6 2. Nc3 Bb7 3. d4 e6 4. Nf3 Bb4 5. Bd3 Nf6 6. Qe2 d5 7. e5 Ne4 8. Bd2
Nxd2 9. Qxd2 Be7 10. h4 (10. O-O c5 11. b3 Nc6 12. Ne2 O-O 13. c3 Rc8 14. Qe3
cxd4 15. Nfxd4 Nxd4 16. cxd4 Ba3 17. Qh3 h6 18. f4 f5 19. Rf3 Kh7 20. g4 g6 21.
Rg3 {1/2-1/2 Delorme,A-Germes,A/Fouesnant 1997/EXT 2003 (21).}) (10. Ne2 c5 11.
c3 Nc6 12. O-O O-O 13. a3 c4 14. Bc2 b5 15. Ne1 a5 16. f4 f5 17. exf6 Bxf6 18.
Nf3 Qb6 19. Qe3 Rae8 {1/2-1/2 Gollewsky,P-Jahn,C/Bad Blankenburg 1990/EXT 2003
(19)}) 10... Ba6 11. Qf4 Bxd3 12. cxd3 c5 13. O-O Nc6 14. Ne2 Nb4 (14... O-O $5
) 15. Rfd1 c4 16. dxc4 dxc4 17. d5 $5 {verwehrt dem schwarzen Rappen das
Blockadefeld d5} exd5 18. Qg4 g6 (18... O-O 19. Nf4 f5 20. Qg3 $44) 19. Nf4 Qc8
20. Qg3 Qf5 21. a3 Nd3 22. Nxd3 cxd3 23. Nd4 Qe4 24. Qxd3 Qxe5 25. Nc6 Qf6 26.
Nxe7 Kxe7 27. Re1+ (27. Qe3+ $5 {war ein Versuch, mehr zu erreichen, z.B.} Kf8
28. Qh6+ Qg7 29. Qf4 Qxb2 30. h5 Re8 31. h6 Qe5 32. Qb4+ Qe7 33. Rxd5 $36)
27... Kf8 28. Qxd5 Rd8 29. Qe5 Kg7 30. Rac1 Rhe8 31. Qxf6+ Kxf6 32. Rc6+ Re6
33. Rexe6+ fxe6 34. Rc7 $11 a5 35. Rb7 Rd6 36. g3 h5 37. Kf1 Rc6 38. Ke1 Ke5
39. Kd2 Ke4 40. Rf7 Rd6+ 41. Ke2 e5 42. Rc7 Kd4 43. Rc1 Rf6 44. f3 a4 45. Rd1+
Kc5 46. Ke3 Rd6 47. Rc1+ Kb5 48. Rc3 Rd1 49. Ke4 Rb1 50. Rc2 Re1+ 51. Kd5 Rg1
52. Kxe5 Rxg3 53. Kf6 Ka5 54. Rd2 b5 55. Rd4 Kb6 56. Rb4 Kc5 57. Rf4 Rg1 58.
Rb4 Rg2 59. Kg7 $6 (59. b3 $11) 59... g5 60. hxg5 Rxg5+ 61. Kh6 Rf5 62. b3 axb3
63. Rxb3 h4 64. Kg6 Rf8 65. Kg5 h3 66. f4 Rg8+ 67. Kf6 Rf8+ 68. Kg5 Rh8 69. Rb1
h2 70. Rh1 Kd6 71. Kf5 Ke7 72. Ke5 Rh6 73. Kd5 Kd7 74. Kc5 Rh5+ 75. Kb6 Ke6 76.
f5+ Kxf5 77. Kxb5 Ke4+ 78. Kb6 Kd5 79. a4 (79. Kb5 $5 $11) 79... Kc4 80. Kc6 (
80. a5 $2 Rh6+ 81. Kc7 Kb5 82. Kd7 Kxa5 83. Ke7 Kb4 84. Kf7 Kc3 85. Kg7 Rh3 86.
Kg6 Kd2 87. Kg5 Ke3 88. Kg4 Rh8 89. Kg3 Rg8+ 90. Kh3 Kf2 $19) 80... Rh6+ 81.
Kd7 Kd5 (81... Kb4 82. Ke7 $11 {[%cal Ge7g7,Gg7g3]}) 82. a5 Rh7+ 83. Ke8 (83.
Kc8 $2 Kc6 84. Kd8 Kb5 85. Ke8 Kxa5 86. Kf8 Kb4 87. Kg8 Rh3 88. Kg7 Kc3 89. Kg6
Kd2 90. Kg5 Ke3 91. Kg4 Rh8 92. Kg3 Rg8+ 93. Kh3 Kf2 94. Rxh2+ Kf3 $19) 83...
Ke5 (83... Kc6 84. Kf8 Kb5 85. Kg8 Rh3 86. Kg7 Kxa5 87. Kg6 $11 {[%cal Gg6g3]})
84. a6 Kf4 85. a7 $2 {[%mdl 4096] ein instruktiver Fehler} (85. Kd8 Kg3 (85...
Ke5 86. Rxh2 Rxh2 87. Kc7 Ra2 88. Kb7 Kd6 89. a7 Rb2+ 90. Kc8 $11) 86. Ra1 Ra7
(86... Rh6 87. a7 Rh7 88. Ra3+ Kf4 89. Ra4+ Ke5 90. Ra5+ Kd6 91. Ra6+ Kc5 92.
Ra5+ Kb6 93. Ra6+ $11) 87. Ra3+ Kg4 (87... Kf4 88. Rh3 $11) 88. Ra4+ Kg5 89.
Ra5+ Kg6 90. Ra1 $11) 85... Kg3 86. Ra1 h1=Q 87. Rxh1 Rxh1 88. Kd8 Ra1 0-1

[Event "Fraenkische GM 1st"]
[Site "Pulvermuehle"]
[Date "2000.01.22"]
[Round "9"]
[White "Wells, Peter K"]
[Black "Blatny, Pavel"]
[Result "0-1"]
[WhiteElo "2483"]
[BlackElo "2512"]
[Annotator "Mueller,Karsten"]
[PlyCount "126"]
[EventDate "2000.01.12"]
[EventType "tourn"]
[EventRounds "9"]
[EventCountry "GER"]
[EventCategory "10"]
[SourceTitle "CBM 075"]
[Source "ChessBase"]
[SourceDate "2000.04.05"]
[SourceVersion "1"]
[SourceVersionDate "2000.04.05"]
[SourceQuality "1"]

1. e4 b6 2. d4 Bb7 3. Bd3 e6 4. Nf3 Nf6 5. e5 Ne4 (5... Nd5 6. O-O (6. a3 c5 7.
c4 Ne7 8. dxc5 bxc5 9. O-O $14 {1/2-1/2 Ristic,N-Nikolic,Z/Smederevska Palanka
1982/MCL 03 (40)}) 6... Be7 7. a3 c5 8. Qe2 Nc6 9. c4 Nc7 10. dxc5 bxc5 11. Nc3
$14 {1-0 Valenti,G-Magrin,A/Reggio Emilia7778 1977/MCD-r7 (53)}) 6. O-O (6. Qe2
d5 7. Nbd2 Nxd2 8. Bxd2 c5 9. c3 Be7 10. h4 Nc6 11. Bg5 $14 {1-0 Kolago,
M-Kiseleva,N/Koszalin POL 1999 (39)}) 6... Be7 7. c4 d5 8. cxd5 exd5 (8... Qxd5
$2 9. Re1 f5 10. exf6 Nxf6 11. Nc3 $16) 9. Re1 Nd7 10. Nc3 Nxc3 11. bxc3 Nf8 $5
(11... O-O 12. Qc2 h6 13. Bf5 $14) 12. Nd2 Ne6 13. Nf1 g6 14. f4 h5 15. f5 (15.
Qc2 Qd7 16. Bxg6 $2 fxg6 17. Qxg6+ Kd8 {gibt Weiß nicht genug Kompensation.})
15... gxf5 16. Ng3 $14 Bh4 17. Bxf5 Bxg3 18. hxg3 Qe7 19. Qa4+ c6 20. Qa3 Qxa3
21. Bxa3 Ng7 22. Bd3 Bc8 23. Rf1 Be6 24. Rf6 (24. Bc1 $5) 24... O-O-O 25. Bc1
Rdg8 26. Rf4 Kd7 27. a4 Ne8 28. Kf2 Rg4 29. Be2 Rg7 30. Rh4 $6 {im Folgenden
steht der Turm abseits, was Weiß Probleme verursacht.} Bg4 $1 31. Bd3 f6 32.
Bf4 fxe5 33. Bxe5 Rf8+ 34. Kg1 Rg5 35. Bf4 Rgg8 36. a5 b5 37. Rf1 Nd6 38. Bh7
Rg7 39. Bd3 a6 40. Rh1 Re7 41. Kh2 Ne4 42. Bh6 Rxf1 43. Rxf1 Nxc3 44. Bg5 Ne4 (
44... Re6 45. Rf7+ Ke8 46. Ra7 $132) 45. Bxe7 Kxe7 46. Bxe4 dxe4 47. Kg1 e3 48.
Rc1 Kd6 49. Rc5 $6 (49. Kf1 $142) 49... b4 50. Rc4 b3 51. Rb4 Bd1 52. Kf1 c5
53. Rb6+ Kd5 54. dxc5 Kxc5 55. Ke1 (55. Rxa6 $2 Bc2 56. Ke2 (56. Rb6 Bd3+ 57.
Ke1 Bb5 58. Kd1 e2+ 59. Kd2 b2 $19) 56... b2 $19) 55... Bc2 $1 (55... e2 56.
Kd2 Kc4 57. Rb8 $11) 56. Ke2 Kd4 57. Rd6+ {[%mdl 4096]} Kc4 58. Rxa6 $2 ({Nach
} 58. Rc6+ $1 {habe ich keinen Gewinn für Schwarz finden können, obwohl es
natürlich sehr bedrohlich aussieht, z.B.} Kb5 (58... Kd4 59. Rd6+ Ke4 60. Re6+
Kd4 61. Rd6+ Kc3 62. Rc6+ Kb4 63. Rxa6 $11) (58... Kb4 59. Rxa6 b2 60. Rb6+ $11
) 59. Rb6+ Kxa5 60. Rb8 Ka4 61. Kxe3 Ka3 62. Kd2 a5 63. Kc3 a4 64. Rb4 Bf5 65.
Rb8 Ka2 66. Rb4 (66. Rb6 $2 Bc2 67. Rb4 a3 68. Rb5 Bd1 $19) 66... Bd7 67. Rb6 (
67. Rb7 $2 Be6 68. Ra7 (68. Rb6 a3 69. Rxe6 b2 $19) 68... a3 69. Kb4 b2 70.
Rxa3+ Kb1 71. Re3 Ka1 $19) 67... Bc6 (67... Ka1 68. Rb7 Bc6 69. Rb6) 68. Rb4 (
68. Rxc6 $2 b2 69. Rb6 b1=Q 70. Rxb1 Kxb1 71. Kb4 Kc2 $19)) (58. Kxe3 b2 59.
Rc6+ Kb4 60. Rb6+ (60. Rxa6 Ba4 $19) 60... Ka3 61. Rxb2 Kxb2 62. g4 hxg4 63.
Kf4 Bd1 $19) 58... b2 $19 59. Rc6+ (59. Rb6 Bb3 $19 (59... b1=Q $2 60. Rxb1
Bxb1 61. Kxe3 Kb5 62. Kf4 $11)) 59... Kd4 60. Rd6+ Kc5 61. Rb6 b1=Q 62. Rxb1
Bxb1 63. Kxe3 Bf5 0-1

[Event "Groningen"]
[Site "Groningen"]
[Date "1994.??.??"]
[Round "3"]
[White "Almasi, Zoltan"]
[Black "Miles, Anthony John"]
[Result "0-1"]
[WhiteElo "2620"]
[BlackElo "2600"]
[Annotator "Pein,M"]
[PlyCount "60"]
[EventDate "1994.12.??"]
[EventType "tourn"]
[EventRounds "11"]
[EventCountry "NED"]
[EventCategory "15"]
[SourceTitle "CBM 045"]
[Source "ChessBase"]
[SourceDate "1995.04.01"]
[SourceVersion "1"]
[SourceVersionDate "1995.04.01"]
[SourceQuality "1"]

1. e4 {Blatny,P} Nc6 {Almasi is famed for his knowledge of standard openings
but Tony Miles is the world's leading exponent of unusual ones. His main clim
to fame is a defeat of Karpov with 1.e4 a6!?} 2. Nf3 (2. d4 {Blatny,P} d5 3.
Nc3 dxe4 4. d5 Ne5 5. Qd4 $14) 2... d6 (2... e5 {Blatny,P -> C}) 3. d4 (3. Bb5
{Blatny,P} Bd7 4. d4 $13) 3... Nf6 (3... g6 $5 {Blatny,P}) 4. Nc3 Bg4 {The
Wade Defence, Black often trys to play ..e6 and ..d5 reaching a kind of French
Defence structure with the white squared bishop outside the pawn chain.
White's seventh move is designed to avoid this and secure an advantage in space
} 5. Be2 (5. Be3 {Blatny,P /\6.h3 Bf3 7.Qf3, 8.0-0-0 +/=}) 5... e6 (5... e5 {
Blatny,P} 6. d5 Bxf3 7. Bxf3 Nd4 $14) 6. h3 (6. O-O {Blatny,P} Be7 7. Be3 {[+]}
) 6... Bh5 (6... Bxf3 {Blatny,P} 7. Bxf3 {^^}) 7. d5 (7. Be3 {Blatny,P} Bg6 8.
Nd2 d5 $5 $132) 7... exd5 8. exd5 Bxf3 9. Bxf3 (9. dxc6 $4 {Blatny,P} Bxg2 $19)
9... Ne5 10. Be2 Be7 11. O-O O-O 12. a4 a6 (12... a5 {Blatny,P ><b5}) 13. Be3
Nfd7 14. a5 Ng6 15. Ra4 {This does not work out, simple development with 15.
Qd2 seems reasonable} Nc5 16. Ra3 (16. Bxc5 {Blatny,P} dxc5 17. Re1 Re8 18. Bf3
Bf6 $10) 16... Bg5 17. Bxc5 {This proves costly, the dark squares matter 17.f4
is better although it weakens some squares along the e file} (17. f4 {Blatny,P
בe}) 17... dxc5 18. Ne4 Be7 19. Rc3 Re8 (19... b6 {Blatny,P} 20. axb6 cxb6 21.
d6 Bf6 $13) 20. Bf3 (20. Nxc5 Bxc5 21. Rxc5 Qe7 {Wins a piece}) 20... Bd6 $1 {
Black goes 'all in'} (20... b6 $2 {Blatny,P} 21. axb6 cxb6 22. d6 Bf8 23. Nxc5
$1 bxc5 24. d7 Re7 25. Bxa8 Rxd7 26. Qf3 $18) 21. Nxc5 Qh4 22. Nxb7 Be5 23. Rb3
Nf4 {Threat ..Nxh3+ gxh3 Qxh3 and ..Qh2+} 24. g3 (24. Re3 $2 {Blatny,P} Nxh3+
$1 25. gxh3 Qxh3 26. Rxe5 $8 Rxe5 27. Bg4 Rg5 28. f3 h5 $19) (24. Re1 {Blatny,P
} Bd4 $1 25. Rxe8+ (25. Rf1 Re5 $40 {עg1}) 25... Rxe8 26. Qd2 Bxf2+ $1 27.
Qxf2 Re1+ $19) (24. Bg4 $142 $1 $16 {Blatny,P}) 24... Qxh3 25. d6 {A clever
attempt to complicate but Black has it under control, not 25.gxf4 Bxf4 mating}
(25. gxf4 $4 {Blatny,P} Bxf4 26. Re1 Bh2+ 27. Kh1 Bg3+ 28. Kg1 Qh2+ 29. Kf1
Qxf2#) (25. Qd2 {Blatny,P} Qh6 (25... Ng6 $16) 26. Rd1 Nh3+ $13) (25. Nc5 $5 {
Blatny,P /\d6} Rad8 26. Re1 Bd4 $5 (26... Rd6 $2 27. Rxe5 $1 {ב8}) 27. Rxe8+
$8 Rxe8 28. Ne4 $1 (28. gxf4 Qg3+ 29. Kh1 (29. Bg2 Qxf2+ 30. Kh2 Qxf4+ $19)
29... Qh4+ (29... Qh3+ $10) 30. Kg2 $8 Qxf2+ 31. Kh3 Bxc5 $19) 28... f5 29.
gxf4 (29. Qxd4 $2 fxe4 30. gxf4 exf3 $19) 29... fxe4 30. Bg2 $1 Bxf2+ 31. Kxf2
Qh4+ 32. Kg1 e3 33. Qe2 $18) 25... Re6 $3 26. dxc7 (26. d7 Rd8 $1 27. Re1 {
Or 27.Nxd8 Rh6} (27. Nxd8 $2 Rh6 28. Re1 Qh2+ 29. Kf1 Qh1+ 30. Bxh1 Rxh1#)
27... Rh6 (27... Bd4 28. Bc6 Rxd7 29. Rxe6 Qxe6 30. Bxd7 Qxd7 31. Nc5 $18) 28.
gxf4 Rg6+ 29. Bg4 Rxg4+ 30. Rg3 (30. Qxg4 Qxg4+ 31. Rg3 Qxd7 32. Nxd8 Bxb2 (
32... Bxf4 {Blatny,P} 33. Rd3 Bd6 34. Nb7 $13) 33. Rd3 Qa4 34. Re7 h5 {Is good
for Black}) 30... Rxg3+ 31. fxg3 Qxg3+ 32. Kh1 Qh3+ 33. Kg1 Rxd7 {Wins}) 26...
Bxc7 27. Qd7 Rae8 $1 28. Re3 (28. Qxc7 Qxf1+ 29. Kxf1 Re1#) 28... Rxe3 29. Qxh3
Nxh3+ 30. Kg2 Rxf3 {This was Almasi's only loss , unfortunately for Miles he
developed a sore throat and limped home after losing a couple ofgames.} (30...
Rxf3 31. Kxf3 Ng5+ 32. Kg2 Re2 $19) 0-1

[Event "Rimavska Sobota"]
[Site "Rimavska Sobota"]
[Date "1991.??.??"]
[Round "2"]
[White "Polgar, Sofia"]
[Black "Fries Nielsen, Jens Ove"]
[Result "0-1"]
[WhiteElo "2425"]
[BlackElo "2415"]
[Annotator "Polgar,S"]
[PlyCount "68"]
[EventDate "1991.05.??"]
[EventType "tourn"]
[EventRounds "13"]
[EventCountry "CSR"]
[EventCategory "9"]
[SourceTitle "CBM 024"]
[Source "ChessBase"]
[SourceDate "1991.10.01"]
[SourceVersion "1"]
[SourceVersionDate "1991.10.01"]
[SourceQuality "1"]

1. e4 {Stohl} g6 2. d4 Bg7 3. Nc3 Nc6 4. Nf3 (4. Be3 {Stohl} d5 $5 5. exd5 (5.
e5 Bxe5 $1 6. dxe5 d4 $10) 5... Nb4 6. Bc4 (6. Bb5+ Bd7 7. Bxd7+ Qxd7 8. a3
Nxd5 9. Nxd5 Qxd5 10. Nf3 Nf6 11. h3 O-O 12. O-O b5 13. Bf4 c5 $10 {Sandler,
L-Fries_Nielsen,JO,Lyngby op 1990}) 6... Nf6 7. Nf3 O-O 8. O-O Bf5 9. Bb3 Nbxd5
10. Nxd5 Nxd5 11. Bg5 h6 12. Bh4 a5 13. a4 c6 14. Re1 g5 $6 15. Bg3 e6 16. Ne5
$14 {Morris,W-Christiansen,L,World Open 1989}) 4... d6 5. h3 (5. d5 {Stohl} Ne5
6. Nxe5 Bxe5 7. Bb5+ Bd7 8. Bxd7+ Qxd7 9. Qd3 Bg7 10. Be3 Nf6 11. f3 O-O 12.
O-O-O c6 13. g4 cxd5 14. Nxd5 Nxd5 15. exd5 Qa4 16. Kb1 Rfc8 17. h4 Qb4 18. Qb3
Qxb3 19. axb3 a5 $132 {Maliutin,E-Khramzov,E,Moscow I 1990}) (5. Be3 {Stohl}
Bg4 6. Bb5 $5 $14) 5... Nf6 (5... e5 {Stohl} 6. Bg5 $5 f6 7. Be3 $14) 6. Bg5
O-O 7. Qd2 d5 (7... e5 $2 {Stohl} 8. dxe5 Nxe5 9. Nxe5 dxe5 10. Qxd8 Rxd8 11.
Nd5) 8. exd5 (8. e5 $6 {Stohl} Ne4 $36) (8. Bxf6 {Stohl} exf6 (8... Bxf6 $2 9.
Nxd5 Bg7 10. c3 $16) 9. exd5 Nb4 10. Bc4 Bf5 11. Rc1 Re8+ $146) 8... Nxd5 9.
Bh6 Nxc3 10. Bxg7 Kxg7 (10... Ne4 $4 11. Qh6 Re8 12. Bd3 $18) 11. Qxc3 Qd5 (
11... Kg8 $5) 12. O-O-O (12. Bd3 {Stohl} Be6 13. O-O {()}) 12... Be6 (12... b5
$2 13. Bxb5 $1) (12... Qa5 13. Qxa5 (13. Qb3 Qb4 14. Qe3 $1 $16) 13... Nxa5 14.
d5 b6 $22 {15...Nb7 - d6}) 13. b3 Bf5 (13... Rfd8 14. Qb2 Kg8 15. c4 Qd7 16. d5
Bf5 17. Be2 Nb4 18. Nd4 $16) 14. Nh4 (14. Bc4 {Stohl} Qa5 $8 15. Qxa5 Nxa5 16.
Bd3 $14) 14... Bd7 (14... Be6 $6 15. Kb2) (14... Be4 {Stohl} 15. Kb2 $1 Qa5 16.
d5+ Qxc3+ 17. Kxc3 $16) 15. Rd2 (15. Kb2 $2 e5 $1) (15. f4 $5) 15... Kg8 16.
Qe3 Qd6 17. c3 (17. d5 $2 Qf6) 17... a5 18. Nf3 $2 (18. d5 $1 Na7 19. Nf3 $16)
18... Qa3+ (18... a4 $5 $13 {Stohl}) 19. Kd1 (19. Kb1 $2 a4 20. b4 Bf5+ $19)
19... a4 20. Qh6 (20. b4 {Stohl} Be6 21. d5 Bxd5 22. Rxd5 Qxa2 $146) 20... f6
21. Bc4+ e6 (21... Kh8 $2 22. Nh4 Rg8 (22... Bf5 23. g4 Bb1 24. Ke2 $1 $18) 23.
Bf7 Be8 24. Nxg6+ Rxg6 25. Qf8+ $18) 22. d5 (22. Re1 Ne7 $1 23. Bxe6+ Bxe6 24.
Rxe6 Nf5) 22... Ne7 $6 $138 (22... Nd8 23. Qe3 (23. dxe6 Bxe6 24. Rd7 Rf7 25.
Bxe6 (25. Rxd8+ $4 {Stohl} Rxd8+) 25... Nxe6 26. Rxf7 Kxf7 27. Qxh7+ Ng7 $1 $17
) (23. Re1 Nf7 24. Qf4 e5 25. Qxf6 b5 $13)) 23. dxe6 Bc6 24. Nd4 axb3 25. Nxc6
bxc6 26. Bxb3 Rab8 27. Re1 (27. Ke2 $5 {Stohl /\Rhd1,Kf1+-} Rxb3 $8 28. axb3
Qxb3 29. Qe3 Nd5 30. Qd4 Nxc3+ 31. Kf3 $16 {/\Rd3}) 27... Rxb3 28. axb3 Qxb3+
29. Ke2 (29. Rc2 {Stohl} Rd8+ 30. Kc1 Qa3+ $19) 29... Qc4+ 30. Rd3 $2 (30. Kf3
$1 Nf5 (30... g5 $1 31. g3 (31. Rd7 $5) 31... Nf5 32. Qh5 Qxc3+ 33. Ke2 Nd4+
34. Rxd4 Qxd4 35. e7 Qe4+ 36. Kf1 Qh1+ $10) (30... g5 $5 $146) 31. e7 $3 (31.
Qf4 {Stohl} Nh4+ 32. Kg3 Nf5+ $10) 31... Nxh6 32. Rd8 $1 $18) (30. Kd1 {Stohl}
Nf5 $19) 30... Nd5 31. g3 Ra8 32. Qd2 (32. Red1 Nxc3+ 33. Ke1 Qe4+ $19) 32...
Ra2 33. Rb1 Nxc3+ 34. Ke1 Qe4+ (34... Qe4+ {Stohl} 35. Kf1 Qh1#) 0-1

[Event "POL-chT 66th"]
[Site "Katowice"]
[Date "2010.09.06"]
[Round "3"]
[White "Luch, Michal"]
[Black "Urban, Klaudiusz"]
[Result "1/2-1/2"]
[WhiteElo "2385"]
[BlackElo "2468"]
[Annotator "RR"]
[PlyCount "65"]
[EventDate "2010.09.04"]
[EventType "team-tourn"]
[EventRounds "9"]
[EventCountry "POL"]
[SourceTitle "EXT 2016"]
[Source "ChessBase"]
[SourceDate "2015.10.08"]
[SourceVersion "1"]
[SourceVersionDate "2015.10.08"]
[SourceQuality "1"]
[WhiteTeam "Wroclaw AZS WSB"]
[BlackTeam "Poznan Pocztowiec"]
[WhiteTeamCountry "POL"]
[BlackTeamCountry "POL"]

1. e4 Nc6 2. Nc3 d6 3. d4 e5 4. dxe5 (4. Nf3 {Retombe sur les gfrandes lignes}
Nf6 5. Bb5) 4... dxe5 5. Be3 $146 (5. Qxd8+ Kxd8 {McDonald,N (2485)
-Sheremetieva,M (2255) Cappelle op 14th 1998 (6) 1/2} (5... Nxd8)) 5... Bb4 6.
Bb5 Qxd1+ 7. Rxd1 Nf6 8. f3 O-O (8... Bxc3+ 9. bxc3 O-O 10. Bxc6 bxc6 11. Ne2
Be6 $132) 9. Nge2 Nd8 10. a3 Be7 11. Bc4 c6 12. a4 Be6 13. Bxe6 Nxe6 14. Kf2
Rfd8 15. Rxd8+ Bxd8 16. Ra1 (16. g3 {[%csl Gf4]} Bb6 17. Rd1) 16... a5 17. Rd1
Kf8 18. Ke1 Ke8 19. Nc1 Nd7 20. Nb3 Be7 21. Kf2 Ndc5 22. Nxc5 Bxc5 23. Bxc5
Nxc5 24. b3 Ne6 25. Ne2 Ke7 26. Ke3 h5 27. h4 g6 28. g3 f5 29. f4 exf4+ 30.
Nxf4 Nxf4 31. gxf4 fxe4 32. Kxe4 Re8 33. Kf3 1/2-1/2

[Event "Rohde op 07th"]
[Site "Sautron"]
[Date "2007.11.03"]
[Round "9"]
[White "Koziak, Vitali"]
[Black "Okhotnik, Vladimir"]
[Result "1-0"]
[WhiteElo "2437"]
[BlackElo "2433"]
[Annotator "RR"]
[PlyCount "35"]
[EventDate "2007.10.27"]
[EventType "swiss"]
[EventRounds "9"]
[EventCountry "FRA"]
[SourceTitle "EXT 2008"]
[Source "ChessBase"]
[SourceDate "2007.11.25"]
[SourceVersion "1"]
[SourceVersionDate "2007.11.25"]
[SourceQuality "1"]

1. e4 Nc6 2. d4 d5 3. e5 (3. Nc3 {L'alternative} e6 {retombe sur une française}
(3... dxe4 4. d5 $1)) 3... Bf5 4. Be3 {Une ligne secondaire} (4. c3 e6 5. Nf3
f6) (4. Nf3 e6 (4... Qd7) (4... f6)) 4... Qd7 ({RR} 4... e6 5. Ne2 h5 6. c3 Be7
7. Ng3 Bg6 8. Be2 Bxb1 9. Rxb1 g6 10. Qd2 Kf8 11. O-O Kg7 12. Rbd1 h4 13. Nh1
Nh6 14. g4 hxg3 15. fxg3 Nf5 16. Bf4 Nb8 17. Rf2 Rh7 18. Qc2 Nd7 19. Rdf1 {
Ricardi,P (2480)-Gomez Baillo,J (2395)/Buenos Aires 1993/TD/1/2-1/2 (57)}) 5.
c4 $146 ({RR} 5. c3 a6 6. Ne2 e6 7. Ng3 Bg6 8. b4 h5 9. b5 Na5 10. bxa6 bxa6
11. Nd2 Ne7 12. h4 Nf5 13. Nxf5 Bxf5 14. Be2 Bg6 15. O-O Be7 16. Nf3 Nc4 17.
Bg5 f6 18. exf6 gxf6 19. Bf4 Kf7 {Soos,L-Mohacsi,A (2116)/Hungary 2003/EXT
2004/0-1 (42)}) 5... dxc4 6. Bxc4 O-O-O 7. Nf3 f6 8. exf6 e5 9. d5 Nxf6 10. Nc3
Nb4 (10... Na5) (10... Qe7) 11. O-O Nc2 12. Bxa7 Nxa1 13. Bb5 Qd6 (13... c6
$142 {J'ai ramené le MI OKHOTNIK а la gare de Nantes le soir et il mentionnait
s'être trompé dans l'ordre de coups.}) 14. Qa4 Qb4 15. Rxa1 $2 (15. Qxb4 Bxb4
16. Rxa1 Nxd5 17. Nxd5 Rxd5 18. Bc4 Ra5 $17) 15... Qxb2 16. Rb1 Qxc3 $4 {
Une gaffe trés étonnante car les noirs n'étaient pas en zeinot.} (16... Bxb1
$19) 17. Bc5 c6 18. Bxc6 {KOZIAK remporte le 3ème prix} 1-0

[Event "Rohde op 09th"]
[Site "Sautron"]
[Date "2009.10.26"]
[Round "3"]
[White "Milanovic, Danilo"]
[Black "Meijers, Viesturs"]
[Result "0-1"]
[WhiteElo "2533"]
[BlackElo "2471"]
[Annotator "RR"]
[PlyCount "64"]
[EventDate "2009.10.24"]
[EventType "swiss"]
[EventRounds "9"]
[EventCountry "FRA"]
[SourceTitle "EXT 2010"]
[Source "ChessBase"]
[SourceDate "2010.11.25"]
[SourceVersion "1"]
[SourceVersionDate "2010.11.25"]
[SourceQuality "1"]
[TimeControl "6000"]
[WhiteClock "0:00:00"]
[BlackClock "0:00:34"]

1. d4 e6 2. e4 b6 {la douteuse défense OWEN} 3. Nf3 Bb7 4. Bd3 c5 5. c3 Nf6 6.
e5 (6. Qe2 Be7 7. O-O Nc6 8. a3 $14 {[%csl Gb4][%cal Gc6b4]}) 6... Nd5 7. Be4 (
7. O-O cxd4 8. cxd4 Be7 9. Nc3 $14 {Illescas Cordoba,M (2590)-Polgar,J (2630)
Linares 12th 1994 (1) 1-0}) 7... cxd4 $146 ({RR} 7... Qc8 8. c4 f5 9. Bxd5 exd5
10. cxd5 Bxd5 11. Nc3 Qc6 12. Nxd5 Qxd5 13. O-O c4 14. e6 {1/2-1/2 Godena,M 
(2425)-Rossi,C (2320)/Chianciano 1989/EXT 2000}) 8. c4 $5 Ne3 $1 9. Bxb7 $2 {
Les blancs ne vont jamais pouvoir revenir dans la partie} (9. Qxd4 $8) 9...
Bb4+ $40 {[%csl Rb1,Re1]} 10. Ke2 Nxd1 11. Bxa8 Na6 12. a3 Be7 13. Be4 Nc5 14.
Nfd2 Nxe4 {Il est trés rare de voir une partie perdue aussi rapidement а ce
niveau.} 15. Nxe4 Qa8 16. Nbd2 f5 17. exf6 gxf6 18. Rxd1 f5 19. Ng3 Qxg2 20.
Nf3 h5 21. h4 Bd6 22. Nf1 e5 23. Bg5 Kf7 24. Ne1 Qe4+ 25. Kd2 Be7 26. Nd3 Bxg5+
27. hxg5 d6 28. Re1 Qh4 29. Ng3 e4 30. g6+ Kf6 31. Nb4 Qf4+ 32. Kd1 Qf3+ 0-1

[Event "FRA-ch 52th"]
[Site "Le Touquet"]
[Date "1977.08.20"]
[Round "1"]
[White "Preissmann, Emmanuel"]
[Black "Goldenberg, Richard"]
[Result "1-0"]
[WhiteElo "2315"]
[BlackElo "2300"]
[Annotator "Villeneuve,A/Primel,D"]
[PlyCount "113"]
[EventDate "1977.08.20"]
[EventType "swiss"]
[EventRounds "11"]
[EventCountry "FRA"]
[SourceTitle "EXT 2009"]
[Source "ChessBase"]
[SourceDate "2008.11.26"]
[SourceVersion "1"]
[SourceVersionDate "2008.11.26"]
[SourceQuality "1"]

1. e4 c5 2. c3 b6 {une variante secondaire assez douteuse} 3. d4 Bb7 4. Nd2 (4.
Bd3 $142 Nf6 5. Nd2 (5. Qe2 $143 cxd4 6. cxd4 Nc6 7. Nf3 Nb4 $1 {[%csl Re2]
[%cal Gb7a6]})) (4. f3 e6 5. Be3 Nf6 6. Nd2 $14) 4... e6 (4... cxd4 5. cxd4 Nf6
6. Bd3 Nc6 7. Ne2 e5 8. d5 Nb4 9. Bb1) 5. Ngf3 cxd4 6. cxd4 Nf6 7. Bd3 Be7 8.
O-O O-O (8... Ba6 9. Bxa6 Nxa6 10. Qe2) 9. Qe2 $146 (9. e5 {Morris,A-Mestel,A
W/EU-ch U20 7677 (1) 0-1}) 9... Nc6 10. a3 Rc8 11. b4 g6 12. Bb2 d5 13. e5 Nh5
{[%csl Gf4]} 14. Qe3 Ng7 15. g3 f5 $6 (15... Nf5 $142) 16. exf6 Bxf6 17. h4 (
17. Rac1 $14) 17... Qd6 18. Rfe1 Rce8 (18... Nf5) 19. b5 Na5 20. g4 Be7 21. Ne5
Bxh4 $6 (21... Nc4) 22. Ndf3 Bd8 23. Qh6 {[%cal Gg1g2,Ge1h1]} Nc4 24. Bc1 (24.
Kg2 $5 Nxb2 $2 (24... Rxf3 $1) 25. Bxg6 (25. Rh1) 25... hxg6 26. Rh1) 24...
Nxe5 25. Nxe5 Qe7 {[%cal Ge7h4]} 26. Ra2 Qh4 27. Qxh4 Bxh4 28. g5 $1 {[%csl
Rh4]} Nf5 29. Nf3 Nxd4 (29... h6 30. Bxf5 exf5 31. Rxe8 Rxe8 32. gxh6 Bd8 33.
Bg5) 30. Nxh4 e5 31. Be3 Ne6 32. Bc1 Nd4 33. f4 e4 34. Bf1 {[%cal Gf1h3]} Nb3
35. Be3 Rc8 36. Rb2 (36. Bh3 $1) 36... Rc3 37. Ng2 Rfc8 38. Rd1 Kf7 39. Rdb1 {
le doublement des R est original!} Nc5 40. a4 Ke6 (40... Nxa4 41. Ra2 $36) 41.
Bd4 Ra3 42. Ne3 Rf8 (42... Rxa4 43. Bh3+) 43. f5+ $1 gxf5 44. Rh2 (44. Bh3 Rxa4
) 44... Rg8 45. Rh6+ Rg6 46. Bh3 (46. Rxh7 {conduisait а d'énormes
complications!} Rxg5+ 47. Kf2 Rxa4 48. Bxc5 bxc5 49. Rxb7 d4 50. Nd1 Ra2+ $13)
46... Rxh6 47. Bxf5+ Kf7 48. gxh6 {[%csl Rh7][%cal Gf5h7]} Nb3 49. Rxb3 $2 (49.
Bb2 Rxa4 50. Bxh7 $18) 49... Rxb3 50. Bxh7 Rd3 51. Nf5 Rh3 52. Bg7 (52. Nd6+
Ke7 53. Kg2 $1 (53. Nxb7 Rxh6 54. Bf5)) 52... Ba8 53. Nd6+ Ke7 54. Nc8+ Kf7 55.
Nd6+ Ke7 56. Nf5+ Kf7 57. Nd4 {[%mdl 512] Une belle partie combative et
PREISSMAN s'annoncait comme un des candidats sérieux au titre.} 1-0